000 00427nam a2200157 i 4500
001 bg
100 1 _aVOŁCZKIEVICZ, L. I.
245 0 _aKompljeksnaja avtomatizacija nroizvodstva /
_cL.I. Vołczkievicz, M.P. Kovaljow, M.M. Kuzniecov.
260 _aMoskva,
_c1983.
700 1 _aKOVALJOV, M. P.
700 1 _aKUZNIECOV, M. M.
040 _cBPK
041 _apol
942 _cKS
008 s pl f |000 0 pol
999 _c21873
_d21873
856 _uhttp://koha.tu.koszalin.pl/cgi-bin/koha/opac-detail.pl?biblionumber=21873
_yKatalog online BPK